00933nam a2200229 a 4500001001000000003000500010005001700015008004100032010001100073011001100084040000900095100004300104245018000147260004100327500006000368502010900428650001700537650002300554650003000577650002600607856007000633000110910CHAP20220329144150.0141021s2014 mx a fsm |||||||spa d a107372 a108344 cCHAP1 aRamírez Guillén, Viviana del Rocio10aEfectividad biológica de dos formulados de hongos entomopatógenos en el control de una plaga de nuez almacenadoh[En línea]cpor Viviana del Rocío Ramírez Guillén. aChapingo, Méx. :bEl autor,c2014. aPara ver el contenido del material haga clic en la liga aTesis (Ing. Agr. Esp. en Parasitología Agrícola) -- UACH. Departamento de Parasitología Agrícola aNuezxPlagas14aControl de plagas.14aHongos entomopatógenos.14aNuezxAlmacenamiento. aFinding aiduhttp://10.13.5.2/tesis/sist110910.pdfzTeclea aquí